[Event "WchT Seniors 50"]
[Site "Struga"]
[Date "2023.09.28"]
[Round "9.4"]
[White "Thorhallsson, Throstur"]
[Black "Stebbings, Anthony"]
[Result "1-0"]
[WhiteElo "2382"]
[BlackElo "2257"]
[PlyCount "57"]
[EventDate "2023.09.19"]
[EventType "team-swiss"]
[EventRounds "9"]
[EventCountry "MKD"]
[SourceTitle "EXT 2024"]
[Source "ChessBase"]
[SourceDate "2023.10.10"]
[SourceVersion "1"]
[SourceVersionDate "2023.10.10"]
[SourceQuality "1"]
[WhiteTeam "Iceland 50"]
[BlackTeam "England 50 II"]
[WhiteTeamCountry "ISL"]
[BlackTeamCountry "ENG"]

1. e4 c5 2. Nf3 e6 3. c3 Nf6 4. e5 Nd5 5. d4 cxd4 6. cxd4 d6 7. Bc4 Be7 8. 0-0 0-0 9. Qe2 b6 10. Qe4 Ba6 11. b3 Qc8 12. Bg5 Nd7 13. Nbd2 dxe5 14. dxe5 Nc5 15. Qh4 Bxg5 16. Nxg5 h6 17. Nge4 Nxe4 18. Nxe4 Bxc4 19. bxc4 Nb4 20. Rae1 Nd3 21. Nf6+ Kh8 22. Re3 Rd8 23. Qe4 gxf6 24. Qh4 Nxe5 25. Qxf6+ Kg8 26. Rxe5 Qxc4 27. Qxh6 Rd5 28. Re3 Rd4 29. Rh3 1-0

[Event "WchT Seniors 50"]
[Site "Struga"]
[Date "2023.09.27"]
[Round "8.4"]
[White "Stebbings, Anthony"]
[Black "Kantorik, Marian"]
[Result "1/2-1/2"]
[WhiteElo "2257"]
[BlackElo "2195"]
[PlyCount "112"]
[EventDate "2023.09.19"]
[EventType "team-swiss"]
[EventRounds "9"]
[EventCountry "MKD"]
[SourceTitle "EXT 2024"]
[Source "ChessBase"]
[SourceDate "2023.10.10"]
[SourceVersion "1"]
[SourceVersionDate "2023.10.10"]
[SourceQuality "1"]
[WhiteTeam "England 50 II"]
[BlackTeam "Slovakia 50"]
[WhiteTeamCountry "ENG"]
[BlackTeamCountry "SVK"]

1. d4 b6 2. e4 Bb7 3. Bd3 e6 4. Nf3 d5 5. e5 c5 6. c3 Ne7 7. 0-0 Nec6 8. Be3 Be7 9. Ne1 Ba6 10. Qg4 g6 11. Bxa6 Nxa6 12. Bh6 Bf8 13. Bxf8 Rxf8 14. Nf3 Nc7 15. Nbd2 Qe7 16. dxc5 bxc5 17. Qa4 Qd7 18. Qa3 Qe7 19. Qa4 Qd7 20. Qa3 Qe7 21. Nb3 c4 22. Qxe7+ Kxe7 23. Nbd4 Nxd4 24. Nxd4 Rfc8 25. b4 Kd7 26. a4 Rab8 27. f4 h5 28. g3 a6 29. Kg2 Ne8 30. h3 Ng7 31. g4 hxg4 32. hxg4 Rh8 33. Rh1 Ra8 34. Rxh8 Rxh8 35. Rh1 Rxh1 36. Kxh1 Ne8 37. Kg2 Nc7 38. Kf2 Na8 39. a5 Nc7 40. Ke3 Nb5 41. Nxb5 axb5 42. Kd4 Kc6 43. Ke3 Kb7 44. Ke2 Kc7 45. Kd2 Kb7 46. Ke3 Kc7 47. Kf3 Kb7 48. Ke2 Kc7 49. Kd2 Kb7 50. Ke3 Kc7 51. Kd4 Kc6 52. g5 Kb7 53. Kc5 Ka6 54. Kd4 Kb7 55. Kc5 Ka6 56. Kd4 Kb7 1/2-1/2

[Event "WchT Seniors 50"]
[Site "Struga"]
[Date "2023.09.23"]
[Round "5.4"]
[White "Frostick, Helen M"]
[Black "Stebbings, Anthony"]
[Result "0-1"]
[WhiteElo "1855"]
[BlackElo "2257"]
[PlyCount "36"]
[EventDate "2023.09.19"]
[EventType "team-swiss"]
[EventRounds "9"]
[EventCountry "MKD"]
[SourceTitle "EXT 2024"]
[Source "ChessBase"]
[SourceDate "2023.10.10"]
[SourceVersion "1"]
[SourceVersionDate "2023.10.10"]
[SourceQuality "1"]
[WhiteTeam "England 50 III"]
[BlackTeam "England 50 II"]
[WhiteTeamCountry "ENG"]
[BlackTeamCountry "ENG"]

1. e4 c5 2. Nf3 Nc6 3. g3 g6 4. Bg2 Bg7 5. 0-0 e5 6. c4 Nge7 7. Nc3 0-0 8. d3 d6 9. h3 h6 10. Be3 f5 11. Qc1 Kh7 12. Kh2 Be6 13. Nd5 Qd7 14. Nxe7 Qxe7 15. Rb1 Nb4 16. Ne1 Nxa2 17. Qd2 f4 18. gxf4 exf4 0-1

[Event "WchT Seniors 50"]
[Site "Struga"]
[Date "2023.09.19"]
[Round "1.4"]
[White "Heatlie, Douglas S"]
[Black "Stebbings, Anthony"]
[Result "0-1"]
[WhiteElo "1763"]
[BlackElo "2257"]
[PlyCount "44"]
[EventDate "2023.09.19"]
[EventType "team-swiss"]
[EventRounds "9"]
[EventCountry "MKD"]
[SourceTitle "EXT 2024"]
[Source "ChessBase"]
[SourceDate "2023.10.10"]
[SourceVersion "1"]
[SourceVersionDate "2023.10.10"]
[SourceQuality "1"]
[WhiteTeam "Scotland 50"]
[BlackTeam "England 50 II"]
[WhiteTeamCountry "SCO"]
[BlackTeamCountry "ENG"]

1. d4 Nf6 2. Nf3 e6 3. Bf4 c5 4. e3 b6 5. h3 Be7 6. Bd3 Bb7 7. Nbd2 cxd4 8. exd4 0-0 9. c3 d6 10. Qc2 Nbd7 11. Rg1 Re8 12. 0-0-0 Bf8 13. Rde1 g6 14. g4 Rc8 15. Ne4 Qc7 16. Nfg5 a6 17. h4 b5 18. h5 Nd5 19. hxg6 hxg6 20. Bxd6 Bxd6 21. Nxd6 Qxd6 22. Bxg6 Qf4+ 0-1

[Event "EU-ch Seniors 65 21st"]
[Site "Lublin"]
[Date "2022.07.05"]
[Round "1"]
[White "Stebbings, Anthony"]
[Black "Rak, Tomasz"]
[Result "0-1"]
[WhiteElo "2283"]
[BlackElo "1887"]
[PlyCount "78"]
[EventDate "2022.07.05"]
[EventType "swiss"]
[EventRounds "9"]
[EventCountry "POL"]
[SourceTitle "CBM 209 Extra"]
[Source "ChessBase"]
[SourceDate "2022.09.30"]
[SourceVersion "1"]
[SourceVersionDate "2022.09.30"]
[SourceQuality "1"]

1. d4 Nf6 2. c4 e6 3. Nc3 Bb4 4. e3 c5 5. Nge2 d6 6. a3 Ba5 7. g3 Bd7 8. Bg2 Bc6 9. d5 exd5 10. cxd5 Bd7 11. 0-0 0-0 12. e4 Na6 13. a4 Nb4 14. Bf4 Qb8 15. h3 Rc8 16. Qd2 a6 17. Ra3 Be8 18. g4 Nd7 19. Ng3 g6 20. h4 Bd8 21. g5 Be7 22. h5 Ne5 23. Qe2 Bd7 24. Be3 Re8 25. f3 Qd8 26. f4 Bg4 27. Qf2 Nc4 28. Rb3 Nd3 29. Qc2 Nxe3 30. Qxd3 Nxf1 31. Qxf1 gxh5 32. Rxb7 Rb8 33. Qxa6 h4 34. Nf5 Bxf5 35. exf5 Rxb7 36. Qxb7 Bxg5 37. fxg5 Qxg5 38. Kf1 Qf4+ 39. Kg1 Re1+ 0-1

[Event "WchT Seniors 65"]
[Site "Prague"]
[Date "2020.03.07"]
[Round "2.12"]
[White "Huss, Andreas"]
[Black "Stebbings, Anthony"]
[Result "1/2-1/2"]
[WhiteElo "2253"]
[BlackElo "2313"]
[PlyCount "35"]
[EventDate "2020.03.06"]
[EventType "team-swiss"]
[EventRounds "7"]
[EventCountry "CZE"]
[SourceTitle "CBM 195 Extra"]
[Source "ChessBase"]
[SourceDate "2020.05.31"]
[SourceVersion "1"]
[SourceVersionDate "2020.05.31"]
[SourceQuality "1"]
[WhiteTeam "Switzerland 65"]
[BlackTeam "England 65"]
[WhiteTeamCountry "SUI"]
[BlackTeamCountry "ENG"]

1. d4 Nf6 2. Nf3 e6 3. c4 Bb4+ 4. Nbd2 a5 5. e3 0-0 6. Bd3 d5 7. 0-0 b6 8. Qc2 Bb7 9. a3 Be7 10. e4 dxe4 11. Nxe4 Nbd7 12. Rd1 Nxe4 13. Bxe4 Bxe4 14. Qxe4 Nf6 15. Qe2 Qc8 16. Bf4 Re8 17. Qc2 Qb7 18. Be5 1/2-1/2